Filosofía de la educación / (Record no. 18251)

000 -CABECERA
fixed length control field 01055nam a22002657a 4500
003 - IDENTIFICADOR DEL NÚMERO DE CONTROL
control field AR-CdUCM
008 - DATOS DE LONGITUD FIJA--INFORMACIÓN GENERAL
fixed length control field 190305b ||||| |||| 00| 0 spa d
040 ## - FUENTE DE LA CATALOGACIÓN
Agencia/entidad que catalogó originalmente la obra MUNICIPALIDAD PROVINCIAL DEL CUSCO
Entidad que transcribió la catalogación BIBLIOTECA MUNICIPAL DEL CUSCO
082 ## - NÚMERO DE LA CLASIFICACIÓN DECIMAL DEWEY
No. de la edición 3ed.
No. de Clasificación 371.4 /
Notacion interna K54
100 ## - ENTRADA PRINCIPAL--NOMBRE DE PERSONA
Nombre Personal Kilpatrick, W.H.
245 ## - MENCIÓN DE TÍTULO
Título Filosofía de la educación /
260 ## - PUBLICACIÓN, DISTRIBUCIÓN, ETC.
Lugar de publicación, distribución, etc. Buenos Aires :
Nombre de la editorial, distribuidor, etc. Losada,
Fecha de publicación, distribución, etc. 1946..
300 ## - DESCRIPCIÓN FÍSICA
Nº de Páginas Extensión 245 páginas ;
Dimensiones 20 cm.
440 ## - MENCIÓN DE SERIE/PUNTO DE ACCESO ADICIONAL--TÍTULO
Título Biblioteca pedagógica.
Número de la parte/sección de una obra 15
9 (RLIN) 38729
505 ## - NOTA DE CONTENIDO CON FORMATO
Nota de contenido formateada Contenido: La filosofía de la educación desde el punto de vista experimentalista -- La filosofía realista y la educación -- Una filosofía idealista de la educación -- En defensa de la filosofía de la educación.
650 ## - PUNTO DE ACCESO ADICIONAL DE MATERIA--TÉRMINO DE MATERIA
Descriptor Educación-Filosofía
9 (RLIN) 4680
650 ## - PUNTO DE ACCESO ADICIONAL DE MATERIA--TÉRMINO DE MATERIA
Descriptor Valores sociales
9 (RLIN) 9934
650 ## - PUNTO DE ACCESO ADICIONAL DE MATERIA--TÉRMINO DE MATERIA
Descriptor Educación idealista
9 (RLIN) 38730
700 ## - PUNTO DE ACCESO ADICIONAL--NOMBRE DE PERSONA
Nombre Personal Breed, F.S.
9 (RLIN) 38731
700 ## - PUNTO DE ACCESO ADICIONAL--NOMBRE DE PERSONA
Nombre Personal Horne, H.H.
9 (RLIN) 38732
700 ## - PUNTO DE ACCESO ADICIONAL--NOMBRE DE PERSONA
Nombre Personal Adler, M.J.
9 (RLIN) 38733
700 ## - PUNTO DE ACCESO ADICIONAL--NOMBRE DE PERSONA
Nombre Personal Luzuriaga, Lorenzo (Traducción)
9 (RLIN) 30660
942 ## - ELEMENTOS DE PUNTO DE ACCESO ADICIONAL (KOHA)
Fuente de clasificación
Tipo de item Libros-BMC
945 ## - PROCESAMIENTO DE INFORMACIÓN LOCAL (OCLC)
Catalogador wnts
AAAA-MM-DD - Fecha de ingreso o modificacion 2019-05-13
Holdings
Estado de retiro (separado) Fuente de clasificación o esquema de estanterías Estado dañado Ubicación Sala donde se ubica Nombre de la colección Fecha de adquisición o compra Costo, precio normal en soles Signatura topográfica Código de Barras Última vez visto (Koha) Tipo de ítem (Koha)
No     Sala Humanidades Sala Humanidades Book Cart 2019-05-13 35.00 371.4 / K54 SH0000013400 2019-05-13 Libros-BMC

Powered by Koha